| 000 | 00492nam a22001697a 4500 | ||
|---|---|---|---|
| 003 | OSt | ||
| 005 | 20251217065813.0 | ||
| 008 | 251217b |||||||| |||| 00| 0 eng d | ||
| 020 | _a0-812-51956-6 | ||
| 040 |
_aDWCL-Main lib. _cOC |
||
| 082 | _aFic. St62 1992 | ||
| 100 | _aStockton, Frank | ||
| 245 |
_aThe lady or the tiger and other stories/ _cFrank Stockton |
||
| 260 |
_aNew York : _bTom Doherty Associates, _cc1992. |
||
| 300 |
_a210 p. ; _c 17 cm. |
||
| 942 |
_2ddc _cFIC. _hFic. _n0 |
||
| 999 |
_c7174 _d7174 |
||